Представление документа в формате MARC21

Поле Инд. ПП Название Значение
Тип записи a
Библиографический уровень b
001 Контрольный номер RU/IS/BASE/126878607
005 Дата корректировки 20200522190817.8
084 a Индекс другой классификации/Индекс ББК 66.4в
a Индекс другой классификации/Индекс ББК 66.1(2),6
a Индекс другой классификации/Индекс ББК 66.01
a Индекс другой классификации/Индекс ББК 60.000.3
100 1_ a Автор Алексеева Т. А.
245 a Заглавие Лики российского постмодернизма
504 a Библиография Библиогр. ссылки. - Примеч.
650 a Основная рубрика история политических учений
a Основная рубрика международные отношения
a Основная рубрика политика
a Основная рубрика политическая философия (философия политики)
a Основная рубрика политология
a Основная рубрика социальная философия
a Основная рубрика философия
653 a Ключевые слова XX век
a Ключевые слова политическая мысль
a Ключевые слова постмодернизм
a Ключевые слова Россия
a Ключевые слова современность
a Ключевые слова социально-политическое развитие
a Ключевые слова теория международных отношений
a Ключевые слова философия постмодернизма
773 t Заглавие источника Вестник Московского университета. Серия 18, Социология и политология
d Дата издания источника 2003
g Прочая информация № 4. - С. 22 - 46
w Контрольный № источника RU/IS/BASE/124899300
901 t Тип документа b